Spy-catcher.

Bibliographic Details
Main Author: Pinto, Oreste, 1889-
Format: Book
Language:English
Published: New York : Harper, [1952]
Edition:[1st American ed.].
Subjects:

MARC

Tag First Indicator Second Indicator Subfields
LEADER 00000cam a2200000 4500
001 in00000065058
005 20151008051218.0
008 730306r1952 nyu 00000 eng u
010 |a  52012125  
035 |a (OCoLC)00570169 
035 |9 AAG6476AM 
040 |c WSU  |d TXA  |d UtOrBLW 
049 |a TXAM  |c [209721] 
050 0 |a UB275  |b .P5 1952a 
090 |a UB275  |b .P5 1952 
092 |a 351.74  |b P659s 
100 1 |a Pinto, Oreste,  |d 1889- 
245 1 0 |a Spy-catcher. 
250 |a [1st American ed.]. 
264 1 |a New York :  |b Harper,  |c [1952] 
300 |a 213 pages 
336 |a text  |b txt  |2 rdacontent 
337 |a unmediated  |b n  |2 rdamedia 
338 |a volume  |b nc  |2 rdacarrier 
600 1 0 |a Lindemans, Christiaan Antonius,  |d 1912-1946. 
650 0 |a Spies. 
999 |a MARS 
999 f f |s 184c87aa-9d19-36f6-87eb-e8ad94771ea8  |i b4fac6db-5371-3561-8250-797e66530ddb  |t 0 
952 f f |p normal  |a Texas A&M University  |b College Station  |c Sterling C. Evans Library  |d Evans: Library Stacks  |t 0  |e UB275 .P5 1952  |h Library of Congress classification  |i unmediated -- volume  |m A14800795115 
998 f f |a UB275 .P5 1952  |t 0  |l Evans: Library Stacks